Embryology of angiosperms (Record no. 179997)

MARC details
000 -LEADER
fixed length control field 00605nam a2200241Ia 4500
003 - CONTROL NUMBER IDENTIFIER
control field OSt
005 - DATE AND TIME OF LATEST TRANSACTION
control field 20240405153036.0
008 - FIXED-LENGTH DATA ELEMENTS--GENERAL INFORMATION
fixed length control field 210707s9999 xx 000 0 und d
040 ## - CATALOGING SOURCE
Transcribing agency AL
041 ## - LANGUAGE CODE
Language code of text/sound track or separate title eng
082 ## - DEWEY DECIMAL CLASSIFICATION NUMBER
Classification number 580/224
Item number BHOE
100 ## - MAIN ENTRY--PERSONAL NAME
Personal name S S Bhojwani
9 (RLIN) 55557
110 ## - MAIN ENTRY--CORPORATE NAME
Corporate name or jurisdiction name as entry element S S Bhatnagar
9 (RLIN) 73505
245 ## - TITLE STATEMENT
Title Embryology of angiosperms
250 ## - EDITION STATEMENT
Edition statement 2
260 ## - PUBLICATION, DISTRIBUTION, ETC.
Place of publication, distribution, etc. Delhi
Name of publisher, distributor, etc. Vikas Publishing House Pvt Ltd
Date of publication, distribution, etc. 1975
300 ## - PHYSICAL DESCRIPTION
Extent xiv,264p.
Other physical details HB
Dimensions 22x15cm.
365 ## - TRADE PRICE
Source of price type code Botany
651 ## - SUBJECT ADDED ENTRY--GEOGRAPHIC NAME
Source of heading or term Embryo
700 ## - ADDED ENTRY--PERSONAL NAME
Personal name BHOJWANI (S S)
9 (RLIN) 73512
700 ## - ADDED ENTRY--PERSONAL NAME
Personal name BHATNAGAR (S P)
9 (RLIN) 73513
942 ## - ADDED ENTRY ELEMENTS (KOHA)
Source of classification or shelving scheme Dewey Decimal Classification
Koha item type Book
Holdings
Withdrawn status Lost status Source of classification or shelving scheme Damaged status Not for loan Collection code Home library Current library Shelving location Date acquired Cost, normal purchase price Total Checkouts Full call number Barcode Date last seen Price effective from Koha item type
    Dewey Decimal Classification     Botany St Aloysius Library St Aloysius Library UGC Book Bank 02/17/2021 0.00   580/238 BHOE 036590 02/17/2021 02/17/2021 Book
    Dewey Decimal Classification     Botany St Aloysius Library St Aloysius Library UGC Book Bank 01/19/1977     580/224 UGC BB03355 07/08/2021 07/08/2021 Book Bank
    Dewey Decimal Classification     Botany St Aloysius Library St Aloysius Library UGC Book Bank 02/17/2021     580/218 BHOE BB03338 02/27/2023 02/27/2023 Book Bank
    Dewey Decimal Classification     Botany St Aloysius Library St Aloysius Library UGC Book Bank 01/15/1977     580/219 BHOE BB03339 02/27/2023 02/27/2023 Book Bank